Every NRL Dally M Team of the Year - Statistics

General Stats
  • This quiz has been taken 87 times
    76 since last reset
  • The average score is 115 of 398
Answer Stats
Year Position Answer % Correct
2019 Interchange Brandon Smith
83%
2021 Hooker Brandon Smith
83%
2006 Hooker Cameron Smith
83%
2008 Hooker Cameron Smith
83%
2011 Hooker Cameron Smith
83%
2012 Hooker Cameron Smith
83%
2013 Hooker Cameron Smith
83%
2016 Hooker Cameron Smith
83%
2017 Hooker Cameron Smith
83%
2019 Hooker Cameron Smith
83%
2020 Hooker Cameron Smith
83%
1998 Centre Darren Smith
83%
2016 Fullback James Tedesco
83%
2019 Fullback James Tedesco
83%
2022 Fullback James Tedesco
83%
1999 Lock Jason Smith
83%
2020 Halfback Nathan Cleary
83%
2021 Halfback Nathan Cleary
83%
1998 Halfback Andrew Johns
80%
1999 Halfback Andrew Johns
80%
2002 Halfback Andrew Johns
80%
2021 Wing Brian To'o
80%
2006 Halfback Cooper Cronk
80%
2011 Halfback Cooper Cronk
80%
2012 Halfback Cooper Cronk
80%
2013 Halfback Cooper Cronk
80%
2016 Halfback Cooper Cronk
80%
2005 Halfback Johnathan Thurston
80%
2007 Halfback Johnathan Thurston
80%
2009 Halfback Johnathan Thurston
80%
2012 Five-Eighth Johnathan Thurston
80%
2013 Five-Eighth Johnathan Thurston
80%
2014 Five-Eighth Johnathan Thurston
80%
2015 Halfback Johnathan Thurston
80%
2023 Halfback Shaun Johnson
80%
2020 Centre Stephen Crichton
80%
2023 Centre Stephen Crichton
80%
2008 Fullback Billy Slater
77%
2011 Fullback Billy Slater
77%
2017 Fullback Billy Slater
77%
2023 Hooker Harry Grant
77%
2020 Lock Isaah Yeo
77%
2021 Lock Isaah Yeo
77%
2022 Lock Isaah Yeo
77%
2020 Wing Josh Addo-Carr
77%
2023 Fullback Kalyn Ponga
77%
1980 Fullback Brian Johnson
73%
2007 Lock Dallas Johnson
73%
2019 Prop Payne Haas
73%
2021 Prop Payne Haas
73%
2022 Prop Payne Haas
73%
2023 Prop Payne Haas
73%
2018 Five-Eighth Cameron Munster
70%
2019 Five-Eighth Cameron Munster
70%
2022 Five-Eighth Cameron Munster
70%
2020 Prop James Fisher-Harris
70%
2021 Prop James Fisher-Harris
70%
2023 Lock Patrick Carrigan
70%
2021 Fullback Tom Trbojevic
67%
2015 Lock Jason Taumalolo
63%
2016 Lock Jason Taumalolo
63%
2018 Lock Jason Taumalolo
63%
2022 Halfback Nicho Hynes
63%
2023 Prop Addin Fonua-Blake
60%
1998 Fullback Darren Lockyer
60%
2001 Fullback Darren Lockyer
60%
2002 Fullback Darren Lockyer
60%
2004 Five-Eighth Darren Lockyer
60%
2006 Five-Eighth Darren Lockyer
60%
2007 Five-Eighth Darren Lockyer
60%
2012 Fullback Ben Barba
57%
2008 Five-Eighth Greg Inglis
57%
2013 Fullback Greg Inglis
57%
2022 Wing Alex Johnston
53%
2014 Halfback Daly Cherry-Evans
53%
2023 Five-Eighth Ezra Mam
53%
2023 Centre Herbie Farnworth
53%
2022 Centre Joseph Manu
53%
2019 Centre Latrell Mitchell
53%
2023 Second Row Liam Martin
53%
2010 Lock Luke Lewis
53%
1988 Five-Eighth Wally Lewis
53%
2007 Wing Jarryd Hayne
50%
2009 Fullback Jarryd Hayne
50%
2014 Fullback Jarryd Hayne
50%
1990 Centre Mal Meninga
50%
1991 Centre Mal Meninga
50%
2011 Lock Paul Gallen
50%
2012 Lock Paul Gallen
50%
2017 Lock Paul Gallen
50%
2013 Wing Roger Tuivasa-Sheck
50%
2015 Fullback Roger Tuivasa-Sheck
50%
2018 Fullback Roger Tuivasa-Sheck
50%
2022 Centre Valentine Holmes
50%
2013 Prop Andrew Fifita
47%
2018 Prop Andrew Fifita
47%
2023 Second Row David Fifita
47%
2021 Second Row Isaiah Papali'i
47%
2020 Prop Josh Papalii
47%
2011 Five-Eighth Benji Marshall
43%
2020 Fullback Clint Gutherson
43%
2023 Wing Dallin Watene-Zelezniak
43%
2020 Five-Eighth Jack Wighton
43%
2020 Second Row Tohu Harris
43%
2021 Five-Eighth Cody Walker
40%
2018 Hooker Damien Cook
40%
2009 Lock David Stagg
40%
2017 Centre Dylan Walker
40%
2023 Wing Jamayne Isaako
40%
2022 Prop Joseph Tapine
40%
2009 Centre Josh Morris
40%
2012 Centre Josh Morris
40%
2019 Halfback Mitchell Moses
40%
1983 Halfback Peter Sterling
40%
1984 Halfback Peter Sterling
40%
1986 Halfback Peter Sterling
40%
1987 Halfback Peter Sterling
40%
1984 Wing Steve Morris
40%
1987 Wing Steve Morris
40%
2022 Hooker Apisai Koroisau
37%
2019 Lock Cameron Murray
37%
1987 Lock Wayne Pearce
37%
1988 Lock Wayne Pearce
37%
2010 Fullback Darius Boyd
33%
2016 Five-Eighth James Maloney
33%
2020 Centre Kotoni Staggs
33%
2021 Centre Matt Burton
33%
2021 Wing Reuben Garrick
33%
2015 Prop Aaron Woods
30%
2017 Prop Aaron Woods
30%
1992 Centre Brad Fittler
30%
1993 Centre Brad Fittler
30%
1994 Lock Brad Fittler
30%
1998 Five-Eighth Brad Fittler
30%
1999 Five-Eighth Brad Fittler
30%
2002 Five-Eighth Brad Fittler
30%
2008 Second Row Glenn Stewart
30%
2017 Halfback Michael Morgan
30%
2001 Halfback Preston Campbell
30%
2014 Lock Sam Burgess
30%
2010 Second Row Sam Thaiday
30%
2011 Second Row Sam Thaiday
30%
2020 Second Row Viliame Kikau
30%
2021 Second Row Viliame Kikau
30%
2022 Second Row Viliame Kikau
30%
1988 Halfback Allan Langer
27%
1994 Halfback Allan Langer
27%
1996 Halfback Allan Langer
27%
1983 Prop Dave Brown
27%
1992 Prop Glenn Lazarus
27%
1999 Second Row Gorden Tallis
27%
2010 Centre Jamie Lyon
27%
2011 Centre Jamie Lyon
27%
2013 Centre Jamie Lyon
27%
2014 Centre Jamie Lyon
27%
2022 Second Row Jeremiah Nanai
27%
1980 Hooker John Lang
27%
2021 Centre Justin Olam
27%
1989 Hooker Kerrod Walters
27%
1990 Hooker Kerrod Walters
27%
1995 Five-Eighth Laurie Daley
27%
1996 Five-Eighth Laurie Daley
27%
2008 Prop Petero Civoniceva
27%
1989 Five-Eighth Phil Blake
27%
2000 Prop Shane Webcke
27%
2001 Prop Shane Webcke
27%
2002 Prop Shane Webcke
27%
1991 Hooker Steve Walters
27%
1993 Hooker Steve Walters
27%
1995 Hooker Steve Walters
27%
2013 Second Row Boyd Cordner
23%
1980 Prop Craig Young
23%
1985 Prop Craig Young
23%
1985 Fullback Garry Jack
23%
1986 Fullback Garry Jack
23%
1988 Fullback Garry Jack
23%
2014 Prop James Graham
23%
2022 Wing Joseph Suaalii
23%
1981 Second Row Mark Graham
23%
1982 Second Row Mark Graham
23%
2009 Hooker Michael Ennis
23%
2015 Hooker Michael Ennis
23%
1990 Halfback Ricky Stuart
23%
1993 Halfback Ricky Stuart
23%
1992 Wing Willie Carne
23%
2018 Wing Blake Ferguson
20%
1989 Lock Bradley Clyde
20%
1990 Lock Bradley Clyde
20%
2006 Wing Brian Carney
20%
1990 Five-Eighth Cliff Lyons
20%
1994 Five-Eighth Cliff Lyons
20%
2013 Lock Corey Parker
20%
2008 Centre Israel Folau
20%
1985 Wing John Ferguson
20%
1988 Wing John Ferguson
20%
2007 Centre Justin Hodges
20%
2005 Centre Mark Gasnier
20%
2006 Centre Mark Gasnier
20%
2000 Second Row Nathan Hindmarsh
20%
2001 Second Row Nathan Hindmarsh
20%
2004 Second Row Nathan Hindmarsh
20%
2005 Second Row Nathan Hindmarsh
20%
2006 Second Row Nathan Hindmarsh
20%
1982 Lock Ray Price
20%
1983 Lock Ray Price
20%
1984 Lock Ray Price
20%
1985 Lock Ray Price
20%
1986 Lock Ray Price
20%
2007 Prop Steve Price
20%
1984 Prop Steve Roach
20%
1986 Prop Steve Roach
20%
1989 Prop Steve Roach
20%
2010 Five-Eighth Todd Carney
20%
2013 Five-Eighth Todd Carney
20%
2000 Five-Eighth Trent Barrett
20%
2010 Wing Akuila Uate
17%
2011 Wing Akuila Uate
17%
2012 Wing Akuila Uate
17%
2004 Fullback Anthony Minichiello
17%
2005 Five-Eighth Braith Anasta
17%
2002 Hooker Danny Buderus
17%
2004 Hooker Danny Buderus
17%
2005 Hooker Danny Buderus
17%
2017 Five-Eighth Gareth Widdop
17%
1985 Halfback Greg Alexander
17%
1989 Halfback Greg Alexander
17%
1991 Halfback Greg Alexander
17%
2009 Five-Eighth Jamie Soward
17%
2000 Lock Jason Croker
17%
2002 Wing Lote Tuqiri
17%
1980 Centre Michael Cronin
17%
1981 Centre Michael Cronin
17%
1982 Centre Michael Cronin
17%
1983 Centre Michael Cronin
17%
2017 Interchange Reagan Campbell-Gillard
17%
2007 Hooker Robbie Farah
17%
2010 Hooker Robbie Farah
17%
1991 Wing Rod Wishart
17%
1994 Second Row Steve Menzies
17%
1995 Second Row Steve Menzies
17%
1998 Second Row Steve Menzies
17%
2002 Lock Steve Menzies
17%
1981 Lock Steve Rogers
17%
1983 Five-Eighth Terry Lamb
17%
1984 Five-Eighth Terry Lamb
17%
1986 Five-Eighth Terry Lamb
17%
1987 Five-Eighth Terry Lamb
17%
1991 Five-Eighth Terry Lamb
17%
1992 Five-Eighth Terry Lamb
17%
1993 Five-Eighth Terry Lamb
17%
2014 Second Row Beau Scott
13%
2015 Five-Eighth Blake Austin
13%
2005 Fullback Brett Hodgson
13%
2000 Halfback Brett Kimmorley
13%
2008 Wing Colin Best
13%
1998 Prop Dean Pay
13%
1988 Second Row Gavin Miller
13%
1989 Second Row Gavin Miller
13%
1999 Hooker Geoff Toovey
13%
2019 Second Row John Bateman
13%
2015 Second Row Josh Jackson
13%
2018 Second Row Josh Jackson
13%
2016 Second Row Matt Gillett
13%
2017 Second Row Matt Gillett
13%
2008 Halfback Matt Orford
13%
2011 Prop Matt Scott
13%
1984 Hooker Royce Simmons
13%
2010 Halfback Scott Prince
13%
2014 Wing Semi Radradra
13%
2015 Wing Semi Radradra
13%
2004 Wing Amos Roberts
10%
1994 Centre Andrew Ettingshausen
10%
1996 Centre Andrew Ettingshausen
10%
1985 Hooker Ben Elias
10%
1988 Hooker Ben Elias
10%
1992 Hooker Ben Elias
10%
2009 Prop Ben Hannant
10%
2004 Halfback Brett Finch
10%
1999 Fullback David Peachey
10%
2000 Fullback David Peachey
10%
2005 Wing Eric Grothe
10%
1987 Fullback Gary Belcher
10%
1989 Fullback Gary Belcher
10%
1990 Fullback Gary Belcher
10%
1992 Halfback Gary Freeman
10%
1987 Prop Ian Roberts
10%
1993 Prop Ian Roberts
10%
1994 Prop Ian Roberts
10%
2015 Centre James Roberts
10%
2016 Prop Jesse Bromwich
10%
2016 Wing Josh Mansour
10%
2018 Halfback Luke Brooks
10%
2007 Fullback Matt Bowen
10%
1995 Fullback Matthew Ridge
10%
1984 Fullback Michael Potter
10%
1991 Fullback Michael Potter
10%
1992 Fullback Michael Potter
10%
2001 Centre Nigel Vagana
10%
2002 Centre Nigel Vagana
10%
1993 Wing Noa Nadruku
10%
1996 Wing Noa Nadruku
10%
1996 Prop Paul Harragon
10%
1990 Second Row Paul Sironen
10%
1983 Second Row Paul Vautin
10%
1993 Fullback Rod Silva
10%
1984 Centre Steve Ella
10%
1985 Centre Steve Ella
10%
2007 Second Row Anthony Watmough
7%
2009 Second Row Anthony Watmough
7%
2005 Lock Ben Kennedy
7%
2006 Lock Ben Kennedy
7%
1993 Second Row Bob Lindner
7%
1994 Fullback Brett Mullins
7%
2001 Lock Daniel Wagon
7%
2020 Wing David Nofoaluma
7%
2010 Prop David Shillington
7%
1983 Fullback Graham Eadie
7%
2018 Interchange Jazz Tevaga
7%
2019 Wing Ken Maumalo
7%
1986 Wing Les Kiss
7%
1990 Prop Martin Bella
7%
1989 Wing Michael Hancock
7%
2012 Second Row Nate Myles
7%
1999 Wing Nathan Blacklock
7%
2000 Wing Nathan Blacklock
7%
2001 Wing Nathan Blacklock
7%
1999 Centre Ryan Girdler
7%
2000 Centre Ryan Girdler
7%
1998 Lock Tawera Nikau
7%
1996 Fullback Tim Brasher
7%
2004 Centre Willie Tonga
7%
2001 Five-Eighth Adam Dykes
3%
1990 Wing Ashley Gordon
3%
1983 Hooker Billy Johnstone
3%
2001 Hooker Brad Drew
3%
2000 Hooker Craig Gower
3%
1981 Prop Dane Sorensen
3%
1994 Wing Daryl Halligan
3%
1991 Lock Des Hasler
3%
1987 Second Row Hugh McGahan
3%
1993 Lock Jim Dymock
3%
1995 Lock Jim Dymock
3%
1996 Lock Jim Dymock
3%
1991 Second Row John Cartwright
3%
1992 Second Row John Cartwright
3%
2017 Wing Jordan Rapana
3%
2016 Centre Joseph Leilua
3%
2018 Centre Joseph Leilua
3%
1983 Wing Kerry Boustead
3%
2005 Prop Luke Bailey
3%
1986 Hooker Mal Cochrane
3%
1987 Hooker Mal Cochrane
3%
1998 Wing Marcus Bai
3%
1984 Second Row Noel Cleal
3%
1986 Second Row Noel Cleal
3%
1985 Second Row Peter Wynn
3%
1980 Five-Eighth Robert Laurie
3%
2006 Prop Roy Asotasi
3%
2012 Prop Sam Kasiano
3%
2004 Lock Shaun Timmins
3%
2009 Wing Taniela Tuiaki
3%
1989 Centre Tony Currie
3%
2008 Lock Alan Tongue
0%
2002 Second Row Ali Lauiti'iti
0%
2006 Fullback Clinton Schifcofske
0%
1991 Prop Craig Salvatori
0%
1995 Prop Danny Lee
0%
1996 Second Row David Fairleigh
0%
1982 Prop Don McKinnon
0%
1981 Fullback Greg Brentnall
0%
1982 Fullback Greg Brentnall
0%
1992 Lock Ian Russell
0%
2014 Hooker James Segeyaro
0%
1995 Centre Jamie Ainscough
0%
1998 Hooker Jason Hetherington
0%
1981 Hooker Jeff Masterman
0%
1980 Lock Jim Leis
0%
1994 Hooker Jim Serdaris
0%
1996 Hooker Jim Serdaris
0%
1982 Hooker John Gray
0%
1980 Wing John Ribot
0%
1982 Wing John Ribot
0%
1980 Halfback Kevin Hastings
0%
1981 Halfback Kevin Hastings
0%
1982 Halfback Kevin Hastings
0%
1999 Prop Matt Parsons
0%
1986 Centre Michael O'Connor
0%
1987 Centre Michael O'Connor
0%
1988 Centre Michael O'Connor
0%
1981 Five-Eighth Mick Pattison
0%
1982 Five-Eighth Mitchell Cox
0%
1980 Second Row Nathan Gibbs
0%
1985 Five-Eighth Neil Baker
0%
1995 Halfback Paul Green
0%
2004 Prop Paul Rauhihi
0%
1988 Prop Sam Backo
0%
1995 Wing Sean Hoppe
0%
1981 Wing Terry Fahey
0%
No matching quizzes found
Score Distribution
Percent of People with Each Score
Percentile by Number Answered
Your Score History
You have not taken this quiz since the last reset